00366 a2200109 450000500170000002000220001708200130003924500790005226000470013130000420017870000360022020250627095457.0 a978-1-84146-389-6 a620 BAR aGCSE Design & Technology Graphic Products: Complete Revision and Practice aNewcastle,bCoordination Group Ltd,c2008. a143p.: ill.; picture,bindex,c29cm. aEd. {BARROW, K . et al....}